000 00261nam a2200097Ia 4500
001 956713
005 20250826215829.0
008 250824s9999 xx 000 0 und d
245 0 _aMADALYONUN İÇİ
_cGÜLSEREN BUDAYICIOĞLU
260 _bREMZİ KİTABEVİ YAYINLARI
999 _c956713
_d956713